Comunicaciones inalámbricas de banda ancha
Salvato in:
| Autore principale: | |
|---|---|
| Natura: | Libro |
| Lingua: | spagnolo |
| Pubblicazione: |
Madrid
McGraw-Hill Interamericana
2003
|
| Edizione: | 1a. ed |
| Soggetti: | |
| Tags: |
Aggiungi Tag
Nessun Tag, puoi essere il primo ad aggiungerne!!
|
MARC
| LEADER | 00000nam a2200000 a 4500 | ||
|---|---|---|---|
| 001 | UCL8007 | ||
| 003 | CL-VaPUC | ||
| 008 | 040611e20030000SP |||||||||||||||||spa|d | ||
| 020 | |a 8448139763 | ||
| 082 | 0 | 4 | |a 384.5 |b BAT |2 21 |
| 100 | 0 | |a Bates, Regis J |e author |9 485913 | |
| 245 | 1 | 0 | |a Comunicaciones inalámbricas de banda ancha |
| 250 | |a 1a. ed | ||
| 300 | |a 345 p | ||
| 942 | |c BK | ||
| 945 | |d 20040611 00:00:00 |a cmena | ||
| 260 | |a Madrid |b McGraw-Hill Interamericana |c 2003 | ||
| 650 | 7 | |a COMUNICACION INALAMBRICA |2 CL-VaPUC |9 485914 | |
| 650 | 0 | |a Telecomunicaciones |9 257195 | |
| 650 | 0 | |a Medios de comunicación |9 257206 | |
| 583 | |a last modification |c 20040611 00:00:00 |k Rodrigo Vera | ||
| 999 | |c 309493 |d 309491 | ||
| 952 | |0 0 |1 0 |4 0 |6 384_500000000000000_BAT_2003 |7 0 |8 A |9 376959 |a BIBING |b BIBING |d 2019-11-21 |i 4025016 |o 384.5 BAT 2003 |p 4025016 |r 2025-01-20 |w 2019-11-21 |y BK |k EIE | ||